| 000 | 00487nam a22001697a 4500 | ||
|---|---|---|---|
| 008 | 230627b |||||||| |||| 00| 0 eng d | ||
| 020 | _a0-19-860171-9 | ||
| 040 |
_aNational Science Library _cNational Science Library |
||
| 080 |
_aR 030 _bN7;1 |
||
| 245 | _aOxford dictionary and thesaurus | ||
| 260 |
_aOxford: _bOxford University Press, _c1997 |
||
| 300 | _axxiv, 1874p. | ||
| 650 | _aDictionary | ||
| 653 | _aThesaurus | ||
| 700 | _aTulloch, Sara (Ed.) | ||
| 942 |
_2udc _cREF |
||
| 999 |
_c47588 _d47588 |
||